000 02043nam a2200361 a 4500
001 000014895
003 DO-SdBNP
005 20251106134354.0
008 100127s2007 dr 001 0 spa d
020 _a9789945406504
040 _aDO-SdBNP
_bspa
_cBNPHU
082 _a336.7293
_bR426r, 2007
110 1 _aRepública Dominicana.
_bSecretaría de Estado de Hacienda
_933733
245 1 0 _aReforma de la hacienda pública /
_cedición, Virgilio Alcántara.
250 _aPrimera edición
264 1 _aSanto Domingo :
_bSecretaría de Estado de Hacienda,
_c2007.
300 _a287 páginas ;
_c23 cm.
336 _atexto
_btxt
_2rdacontent
337 _asin mediación
_bn
_2rdamedia
338 _avolumen
_bnc
_2rdacarrier
505 2 _aPresentación -- Antecedentes de la reforma -- Ley 494-06 de organización de la Secretaría de Estado de Hacienda -- Ley 5-07 que crea el sistema integrado de administración financiera del Estado -- Ley 423-06 orgánica de presupuesto del sector público -- Ley 567-05 de tesorería nacional -- Ley 6-06 de crédito público -- Ley 340-06 de compras y contrataciones de bienes, obras, servicios y concesiones del Estado -- Ley 449-06 que modifica la Ley No. 340-06 sobre contrataciones de bienes, obras, servicios y concesiones -- Ley 126-01 mediante la cual de crea la dirección general de contabilidad gubernamental -- Ley 10-07 de la contraloría general de la República y del control interno.
590 _aInventariado, 2018/LP
650 0 _aFinanzas públicas
_xLegislación
_zRepública Dominicana
_932168
650 4 _aPolítica fiscal
_98379
650 4 _aReforma tributaria
_zRepública Dominicana
_98275
650 4 _aPresupuesto
_xLegislación
_zRepública Dominicana
_933735
650 4 _aDeuda pública
_zRepública Dominicana
_910016
650 4 _aAuditoria interna
_97941
651 4 _aPolítica de finanzas públicas
_zRepública Dominicana
_933734
700 1 _aAlcántara, Virgilio,
_eeditor
_4ed.
_96466
910 _aValidado. Control de calidad MMOLINA
942 _2ddc
_cLBS1
999 _c14475
_d14475